Países do Oriente Médio - Statistics

Estatísticas Gerais
  • Esse quiz foi jogado 1 960 vezes
  • A pontuação média é 14 de 17
Respostas no mapa
Respostas codificadas por cores de uma escala verde-vermelha no mapa do quiz de acordo com a % correta abaixo.
 
Estatísticas das Respostas
País % Correto
Arábia Saudita
95%
Irão
95%
Israel
95%
Egito
94%
Turquia
92%
Iraque
91%
Omã
87%
Emirados Árabes Unidos
86%
Catar
85%
Síria
85%
Jordânia
82%
Iémen
80%
Líbano
79%
Chipre
77%
*Palestina
77%
Kuweit
70%
Bahrein
63%
Nenhum quiz correspondente encontrado
Distribuição das Pontuações
Porcentagem de Pessoas com Cada Pontuação
Percentil de Números Respondidos
Sua Pontuação Histórica
Você não jogou esse quiz